00600nam a22001697a 450000500170000001000130001702000260003003500130005603700140006908200080008324501000009126000400019127000910023130000200032250000470034250500410038920220919121413.0 aB-745526 a9788194031277c495.00 aB-745526 bOakBridge 22nd aEnvironment And Ecology:bA Complete Guide for Civil Services Preliminary and Main Examination/ aHaryanabOakBridge Publishingc2019 aM 35, 1st Floor, Old DLF, Gurugram,bHaryanae122001k91 1244305970minfo@oakbridge.in a509pc23cm(pbk) aFor Civil services preliminary examination a